000 00529nam a2200169 a 4500
001 000031841
005 20250130114120.0
008 110706s2002 dr 000 0 spa d
040 _aDO-SdBNP
_bspa
_cBNPHU
082 _axxx
_bP281n
100 1 _aPascual Soriano, Pedro
_931062
245 1 0 _aNormas y principios para la vida diaria /
_cPedro Pascual Soriano ; prólogo Tirso Mateo.
260 _aSanto Domingo :
_bImpresora Mateo,
_c2002.
300 _a24 p. ;
_c22 cm.
700 1 _aMateo, Tirso,
_epról.
_929285
049 _aBNPD
999 _c31333
_d31333